Bei uns im Dorf : Ein Bilderbuch /
Spremljeno u:
| Glavni autor: | |
|---|---|
| Format: | Knjiga |
| Jezik: | German |
| Izdano: |
Ravensburg, Alemania :
Otto Maier,
1970, c1970
|
| Teme: | |
| Oznake: |
Bez oznaka, Budi prvi tko označuje ovaj zapis!
|
MARC
| LEADER | 00000nam^a2200000^a^4500 | ||
|---|---|---|---|
| 001 | 000190922 | ||
| 005 | 20250521000000.0 | ||
| 009 | 20260310102507.055 | ||
| 020 | |a 3-473-30173-6 | ||
| 025 | |a Donación Lourdes Sierra, 1 ejemplar | ||
| 037 | |a Acervo ITESO - Biblioteca | ||
| 041 | |a ALE | ||
| 082 | |a 808. 899282 |b MIT | ||
| 100 | |a Mitgutsch, Ali |e (autor) | ||
| 245 | 1 | 0 | |a Bei uns im Dorf : |b Ein Bilderbuch / |c A. Mitgutsch. |
| 264 | 4 | |a Ravensburg, Alemania : |b Otto Maier, |c 1970, c1970 | |
| 300 | |a 6 h. | ||
| 336 | |a texto |b txt |2 rdacontenido | ||
| 337 | |a sin mediación |b n |2 rdamedio | ||
| 338 | |a volumen |b nc |2 rdasoporte | ||
| 649 | |a XX | ||
| 650 | |a Literatura Infantil - |z Alemania | ||
| 650 | |a Literatura Infantil | ||
| 650 | |a Literatura Infantil - |z Alemania | ||
| 650 | |a Literatura Infantil | ||
| 650 | |a Literatura Alemana - |y Siglo XX | ||
| 910 | |a Fondo General | ||
| 920 | |a Impresos - Libros | ||
| 930 | |a Colección General | ||
| 940 | |a Literatura | ||
| 905 | |a 101 | ||
| 901 | |a 0500134109 |b IT1 |c LIT |i D |u 20250521 | ||
| 902 | |a https://opac.biblio.iteso.mx/vufind/Record/000190922 | ||